000 00815na a2200229 4500
001 17497
003 MIRAKIL
005 20181213155107.0
008 161025b tu 000 0
035 _a17497
040 _aMilas
_btur
_cTR-AnCHP
041 _atur
_aeng
082 _a362.5
_bG95 2004
090 _a362.5 G95 2004
245 _aGüneydoğu anadolu bölgesi'nde yoksulluğun etkisini hafifletme uygulamaları: bir değerlendirme
_cTürk Sosyal Bilimler Derneği
260 _aAnkara
_bTürk Sosyal Bilimler Derneği
_c2004
300 _a53 s.
_c28 sm.
500 _aTürk Sosyal Bilimler Derneği tarafından Birleşmiş Milletler Kalkınma Programı için hazırlanan proje raporu
504 _aKaynakça var.
651 _aTürkiye
_xYoksulluk
_yRaporlar
_zGüneydoğu Anadolu
942 _2dcc
_cBKS
999 _c6417
_d6417